Jorge Manrique o tradición y originalidad

Salvato in:
Dettagli Bibliografici
Autore principale: Salinas, Pedro (Autore)
Natura: Libro
Lingua:spagnolo
Pubblicazione: Buenos Aires Sudamericana 1947
Soggetti:
Tags: Aggiungi Tag
Nessun Tag, puoi essere il primo ad aggiungerne!!

MARC

LEADER 00000nam a2200000 a 4500
001 UCY2631
003 CL-VaPUC
005 20210726173016.0
008 941107e19470000AG |||||||||||||||||spa|d
999 |c 230990  |d 230988 
040 |c Pontificia Universidad Católica de Valparaíso 
082 0 4 |a 861.09  |b SAL  |2 21 
100 0 |a Salinas, Pedro  |e author  |9 330702 
245 1 0 |a Jorge Manrique o tradición y originalidad 
260 |a Buenos Aires  |b Sudamericana  |c 1947 
300 |a 243 p 
583 |a last modification  |c 19941107 00:00:00  |k Rodrigo Vera 
600 |a Manrique, Jorge,  |d 1440-1479  |9 862294 
942 |c BK  |2 ddc 
945 |d 19941107 00:00:00  |a mfernand 
952 |0 0  |1 0  |4 0  |6 861_090000000000000_SAL_1947  |7 0  |8 A  |9 233731  |a BIBEDU  |b BIBEDU  |d 2019-11-15  |i 3024091  |o 861.09 SAL 1947  |p 3024091  |r 2019-11-15  |w 2019-11-15  |y BK  |k LIT